Géographie de l'Amérique du Sud par lettre - E - Statistiques

Statistiques générales
  • Ce quiz a été pris 96 fois
  • Le résultat moyen est 10 sur 20
Statistiques - réponses
Question Réponse % Correct
Parallèle de latitude 0, qui traverse 3 pays d'Amérique du Sud Equateur
98%
Système dans lequel certains individus sont totalement assujettis à d'autre, largement répandu dans le continent. Il ne sera aboli qu'en 1888 au Brésil Esclavage
84%
La Colombie est le 1er producteur mondial de cette pierre précieuse (photo) Emeraude
83%
Contrée mythique recherchée par les conquistadors Eldorado
80%
Caractéristique de la Bolivie et du Paraguay dans ce continent Enclavés
80%
Magnat colombien de la drogue Pablo Escobar
71%
Monnaie utilisée en Guyane Euro
69%
Celui appelé "Rio de la Plata" est commun aux fleuves Parana et Uruguay Estuaire
59%
Ce type de travail est encore assez répandu en Amérique du Sud Travail des {enfants}
52%
Biocarburant dont le Brésil est le 1er producteur mondial Ethanol
43%
Métal qui a fait la fortune d'industriels boliviens au début du 20e siècle, et qui a donné son nom à cette période Ere de l'{Etain}
41%
Phénomène climatique qui naît au large de l'Amérique du Sud mais dont les conséquences rejaillissent sur la planète entière El Niño
40%
Province et ville d'Equateur dont le nom est la traduction espagnole du précédent (au pluriel) Esmeraldas
36%
Secteur de l'agriculture particulièrement représenté en Argentine et au Brésil Elevage
35%
Mouvement religieux qui se développe fortement actuellement, au détriment du catholicisme Eglises {évangéliques}
31%
Mission des religieux européens qui ont exploré l'Amérique du Sud Evangélisation
31%
Prénom du premier chef d'Etat moderne d'origine amérindienne (Bolivie, de 2006 à 2019) {Evo} Morales
30%
Etat brésilien dont le nom désigne l'un des aspects du dieu chrétien Espirito Santo
8%
Région du Guyana revendiquée par le Vénézuéla Guayana {Esequiba}
7%
Province d'Equateur qui, contrairement à ce que son nom indique, fait plus dans la banane que dans le métal jaune El Oro
4%
Aucun quiz correspondant
Distribution des résultats
% des personnes avec chaque résultat
Percentile par nombre de réponses
Votre historique - résultats
Vous n’avez pas pris ce quiz